| 000 | 01515cam a22003373a 4500 | ||
|---|---|---|---|
| 001 | 15041 | ||
| 003 | PGUSA | ||
| 005 | 20140828083325.0 | ||
| 008 | 050214s2005||||xxu|||||s|||||000 | eng d | ||
| 040 |
_aPGUSA _beng |
||
| 042 | _adc | ||
| 050 | 4 | _aE151 | |
| 245 | 1 | 4 |
_aThe Negro Problem _h[electronic resource] |
| 260 |
_bProject Gutenberg, _c2005 |
||
| 505 | 0 | _aIndustrial education for the Negro / Booker T. Washington -- The talented tenth / W.E. Burghardt DuBois -- The disfranchisement of the Negro / Charles W. Chesnutt -- The Negro and the law / Wilford H. Smith -- The characteristics of the Negro people / H.T. Kealing -- Representative American Negroes / Paul Laurence Dunbar -- The Negro's place in American life at the present day / T. Thomas Fortune. | |
| 506 | _aPublic domain in the USA. | ||
| 516 | _aElectronic text | ||
| 653 | _aAfrican Americans -- Social conditions -- To 1964 | ||
| 653 | _aAfrican Americans -- Politics and government -- 20th century | ||
| 653 | _aAfrican Americans | ||
| 700 | 1 |
_aFortune, Timothy Thomas, _d1856-1928 |
|
| 700 | 1 | _aSmith, Wilford H. | |
| 700 | 1 |
_aWashington, Booker T., _d1856-1915 |
|
| 700 | 1 |
_aDu Bois, W. E. B. _q(William Edward Burghardt), _d1868-1963 |
|
| 700 | 1 |
_aKealing, H. T. _q(Hightower Theodore), _d1860-1918 |
|
| 700 | 1 |
_aDunbar, Paul Laurence, _d1872-1906 |
|
| 700 | 1 |
_aChesnutt, Charles W. _q(Charles Waddell), _d1858-1932 |
|
| 830 | 0 |
_aProject Gutenberg _v15041 |
|
| 856 | 4 | 0 | _uhttp://www.gutenberg.org/ebooks/15041 |
| 942 | _cEB | ||
| 999 |
_c244296 _d244296 |
||